1793 1801 1069 1494 1358 1520 1660 1734 1178 1135 1440 1888 1292 1545 1777 1630 1164 1324 1139 1304 1505 1250 1003 1905 1700 1354 1063 1089 1206 1945 1936 1553 1005 1334 1694 1643 1462 1363 1876 1646 1307 1715 1242 1727 1438 1431 1247 1473 1861 1398 1446 1754 1934 1372 1385 1385 1019 1063 1905 1710 1463 1717 1125 1963 1998 1541 1401 1350 1411 1143 1742 1488 1629 1021 1342 1876 1873 1515 1782 1984 1839 1222 1818 1574 1296 1024 1246 1798 1063 1407 1551 1211 1875 1420 1204 1435 1928 1281 1231 BCNSPRNW ULIB Ver.6.0+V

เปลี่ยนเป็นภาษาไทย

Change to English
 แสดงรายละเอียดบรรณานุกรม
  กลับหน้าหลัก

Brief Record : Get Marc (ISO 2709) : E-mail record : QR code < ปิดหน้าต่าง
LEADER : 00000nam 2200000uu 4500
001    13399111214
003     ULIB
008    110620s||||||||th 000 0 tha d
020    9747377594
020    9789747377590
050  4 BF637^bว527พ 2546
100 0  วิจิตรวาทการ,^cพลตรี หลวง,^d2441-2505
245 10 พุทธานุภาพกับจิตตานุภาพ /^cโดย พลตรี หลวงวิจิตรวาทการ
250    พิมพ์ครั้งที่ 4
260    กรุงเทพฯ :^bสร้างสรรค์บุ๊คส์,^c2546
300    (23), 115 หน้า ;^c21 ซม.
650  7 จิตตานุภาพ
650  7 จิตวิทยา
650  7 พุทธศาสนากับจิตวิทยา
945    ^p105^l0^i027166
945    ^p105^l0^i027167
995    ทศพร
999 ^a ใช้งานได้ทุกระบบ
รายการนี้ยังไม่มีแท็ก
คุณยังไม่ได้ล็อกอิน คุณสามารถมีกิจกรรมร่วมกับเว็บไซต์ได้ แต่ต้องล็อกอินก่อน ::
  ล็อกอิน

รายการสื่อสารสนเทศ

ลำดับที่ ประเภท เลขเรียก/บาร์โค้ด สถานที่ สถานะ
- ไม่พบข้อมูล -

รายการใกล้เคียง
    หัวเรื่อง [จิตตานุภาพ]
    หัวเรื่อง [จิตวิทยา]
    หัวเรื่อง [พุทธศาสนากับจิตวิทยา]

BibComment


ยังไม่เคยถูกคอมเมนท์

คอมเมนท์ทรัพยากรรายการนี้
  คอมเมนท์: พุทธานุภาพกับจิตต..


 Copyright 2026. Bcnsprnw @Library